| 000 | 00713nam a2200193 i 4500 | ||
|---|---|---|---|
| 001 | 27265 | ||
| 003 | ES-MaACL | ||
| 005 | 20230906153604.0 | ||
| 007 | t| | ||
| 008 | 030114s1915 xxu ||||1| eng d | ||
| 100 | 1 |
_aAtl _cDr. ( _d1875-1964) _923760 |
|
| 245 | 1 | 4 |
_aThe Mexican Revolution and the nationalization of the land _b: the foreign interests and reaction / _cDr. Atl [pseud.]. |
| 260 |
_aNew York : _b[Mexican Bureau of Information], _c1915. |
||
| 300 |
_a11 p. ; _c23 cm. |
||
| 500 | _aTranslation of a speech delivered in Vera Cruz, December 4, 1914. | ||
| 651 | 4 |
_aMéxico- _xHistoria- _z1910-1946. _99066 |
|
| 710 | 2 |
_aMexican Bureau of Information (New York) _9159085 |
|
| 852 |
_aES-MaACL _j1498-F-1 |
||
| 999 |
_c27265 _d27265 |
||